00892 a2200169 45000010006000000050017000060080041000230030015000640400040000790800104001192450054002232640047002773000019003245050352003430410008006951000019007034507420260407155726.0260407a1955 arg spa dAR-UNSa-BCEJYS aAR-UNSa-BCEJYSbspacAR-UNSa-BCEJYS a351.72xFinanzas públicas. Legislación (Contabilidad Pública, Administración financiera...)10aRégimen jurídico de la contabilidad pública 1aBuenos Aires :bRoque Depalma Editorc1955 a156 p.c23 cm. a1. Principios generales - 2. Funciones del contralor - 3. Procedimientos y actos jurisdiccionales - 4. La gestión administrativo financiera "de hecho" - 5. El compromiso en la contabilidad administrativa y los acreedores del fisco - 6. Régimen de la responsabilidad en la Ley 12.961 - 7. Decisiones de la contaduría general de la Nación -  aspa1 aBilesa, Rafael